Statistics for ravens players

Click here to take the quiz!

General Stats

  • This quiz has been taken 14 times
  • The average score is 10 of 100

Answer Stats

HintAnswer% Correct
1Lamar Jackson
100%
87Desean jackson
80%
38ed reed
60%
14ray lewis
60%
13Justin tucker
50%
20mark Andrews
50%
23ray rice
50%
15terrell suggs
40%
97jimmy smith
30%
32jk dobbins
30%
2Joe Flacco
30%
10Steve smith
30%
9torrey smith
30%
5Tyler Huntley
30%
92Anthony brown
20%
11gus edwards
20%
79John brown
20%
12justice hill
20%
71keaton mitchell
20%
8Odell beckham
20%
46rashod bateman
20%
45zay flowers
20%
7anquan boldin
10%
18ben Cleveland
10%
48Brandon stephens
10%
49earl thomas
10%
41Isaiah likely
10%
84Jonathan ogden
10%
82Justin forsett
10%
95Kevin zeitler
10%
40Marcus williams
10%
25marlon humphrey
10%
88Melvin gordon
10%
61Michael pierce
10%
33odafe oweh
10%
98Patrick mekari
10%
16Patrick queen
10%
42Patrick ricard
10%
3Robert griffin
10%
64Ronnie stanley
10%
17roquan smith
10%
57tylan wallace
10%
29Tyler linderbaum
10%
24Alex collins
0%
80Bernard pierce
0%
99Bradley bozeman
0%
62Brandon williams
0%
66Brent urban
0%
81Breshad Perriman
0%
67broderick washington
0%
89calais campbell
0%
63Chris moore
0%
55Chris wormley
0%
96chuck clark
0%
44cj mosley
0%
83Daniel Faalele
0%
56David ojabo
0%
19Dennis pitta
0%
94Derek wolfe
0%
47devin duvernay
0%
35Devonte freeman
0%
100dez bryant
0%
51Eric weddle
0%
75geno stone
0%
50haloti ngata
0%
22Hayden hurst
0%
52hollywood brown
0%
77Jacoby jones
0%
60jadaveon clowney
0%
86jalyn armour davis
0%
6James proche
0%
85jaylon ferguson
0%
31Jordan stout
0%
93josh oliver
0%
59kenny young
0%
39Kyle hamilton
0%
43Kyle juszcyk
0%
34latavius murray
0%
53leveon bell
0%
74malik harrison
0%
26Marcus peters
0%
36mark ingram
0%
70marshal yanda
0%
27matt judon
0%
28matt skura
0%
54max williams
0%
78Michael crabtree
0%
90Morgan moses
0%
69nelson aghlor
0%
21nick Boyle
0%
65orlando brown
0%
73rock ya sin
0%
30sam cook
0%
91Sammy watkins
0%
58tavon young
0%
37trace mcsorley
0%
4Tyrod taylor
0%
72tyus bowser
0%
76willie snead
0%
68zadarius smith
0%

Score Distribution

Percentile by Number Answered

Percent of People with Each Score

Your Score History

You have not taken this quiz